Du vécu traumatique au vécu onirique : l’hallucinatoire en séance (notice n° 2225723)

détails MARC
000 -LEADER
fixed length control field 01642cam a2200301 4500500
005 - DATE AND TIME OF LATEST TRANSACTION
control field 20260426020439.0
041 ## - LANGUAGE CODE
Language code of text/sound track or separate title fre
042 ## - AUTHENTICATION CODE
Authentication code dc
100 10 - MAIN ENTRY--PERSONAL NAME
Personal name Taillandier, Michèle
Relator term author
245 00 - TITLE STATEMENT
Title Du vécu traumatique au vécu onirique : l’hallucinatoire en séance
260 ## - PUBLICATION, DISTRIBUTION, ETC.
Date of publication, distribution, etc. 2016.<br/>
500 ## - GENERAL NOTE
General note 91
520 ## - SUMMARY, ETC.
Summary, etc. Il s’agit ici de montrer la spécificité des différents vécus oniriques entre l’hallucinatoire, l’image traumatique et l’image du rêve éveillé en séance. La spécificité de chacune de ces formes d’onirisme sera présentée grâce à des exemples cliniques.
520 ## - SUMMARY, ETC.
Summary, etc. The goal here is to show the specificity of various live oneirisms, from hallucination to traumatic image, to the image of rêve-éveillé in session as well as to present each form’s specificity through clinical examples.
520 ## - SUMMARY, ETC.
Summary, etc. Si tratta qui di mostrare la specificità dei diversi vissuti onirici tra l’allucinatorio, l’immagine traumatica e l’immagine del rêve-éveillé in seduta. La specificità di queste forme d’onirismo sarà presentata con esempi clinici.
690 ## - LOCAL SUBJECT ADDED ENTRY--TOPICAL TERM (OCLC, RLIN)
Topical term or geographic name as entry element L’hallucinatoire
690 ## - LOCAL SUBJECT ADDED ENTRY--TOPICAL TERM (OCLC, RLIN)
Topical term or geographic name as entry element L’image traumatique
690 ## - LOCAL SUBJECT ADDED ENTRY--TOPICAL TERM (OCLC, RLIN)
Topical term or geographic name as entry element Onirisme
690 ## - LOCAL SUBJECT ADDED ENTRY--TOPICAL TERM (OCLC, RLIN)
Topical term or geographic name as entry element Rêver-éveillé
690 ## - LOCAL SUBJECT ADDED ENTRY--TOPICAL TERM (OCLC, RLIN)
Topical term or geographic name as entry element Vécu onirique en séance
690 ## - LOCAL SUBJECT ADDED ENTRY--TOPICAL TERM (OCLC, RLIN)
Topical term or geographic name as entry element Hallucination
690 ## - LOCAL SUBJECT ADDED ENTRY--TOPICAL TERM (OCLC, RLIN)
Topical term or geographic name as entry element Live oneirism in session
690 ## - LOCAL SUBJECT ADDED ENTRY--TOPICAL TERM (OCLC, RLIN)
Topical term or geographic name as entry element Oneirism
690 ## - LOCAL SUBJECT ADDED ENTRY--TOPICAL TERM (OCLC, RLIN)
Topical term or geographic name as entry element Rêver-éveillé
690 ## - LOCAL SUBJECT ADDED ENTRY--TOPICAL TERM (OCLC, RLIN)
Topical term or geographic name as entry element Traumatic image
786 0# - DATA SOURCE ENTRY
Note Imaginaire & Inconscient | 34 | 2 | 2016-03-10 | p. 83-90 | 1628-9676
856 41 - ELECTRONIC LOCATION AND ACCESS
Uniform Resource Identifier <a href="https://shs.cairn.info/revue-imaginaire-et-inconscient-2014-2-page-83?lang=fr&redirect-ssocas=7080">https://shs.cairn.info/revue-imaginaire-et-inconscient-2014-2-page-83?lang=fr&redirect-ssocas=7080</a>

Pas d'exemplaire disponible.

PLUDOC

PLUDOC est la plateforme unique et centralisée de gestion des bibliothèques physiques et numériques de Guinée administré par le CEDUST. Elle est la plus grande base de données de ressources documentaires pour les Étudiants, Enseignants chercheurs et Chercheurs de Guinée.

Adresse

627 919 101/664 919 101

25 boulevard du commerce
Kaloum, Conakry, Guinée

Réseaux sociaux

Powered by Netsen Group @ 2025